000 00330nam a22001457a 4500
003 OSt
005 20220721092843.0
008 220318b |||||||| |||| 00| 0 eng d
020 _a0789542668
040 _cHU
082 _23rd
_a004.27
100 _aCashman
_933426
245 _aSystems Analysis & Design
942 _2ddc
_cBOOKS
_n0
999 _c33126
_d33126